Isac Elliotin - Vanhasta Uuteen albumin biisit - Statistics

Yleistilastot
  • Tätä visaa on pelattu 90 kertaa
  • Keskiarvotulos 8 / 13
Vastaustilastot
Hint Vastaus % Oikein
1. vanhasta uuteen
100%
2. ehkä se siitä
70%
8. city girl
66%
4. kipinä
65%
7. italia
64%
6. laskunjakaja
61%
13. kuka himas odottaa
57%
11. sua ei oo
55%
5. otan kii
53%
12. millipoika
51%
3. rakastat nimee
51%
10. viimesii viedään
50%
9. missaat mut
49%
Ehtoja vastaavia visoja ei löytynyt
Tulosjakauma
Jokaisen tuloksen saaneiden osuus
Persentiili vastausten määrän mukaan
Tuloshistoriasi
Et ole pelannut tätä visaa